00384nam a2200121Ia 4500008004100000020001500041050002100056100003400077245006700111260002900178300003500207650002000242120626s2005 mx a 000 0 spa d a9681858182 aN5305 bA56 2005 aAlvear Acevedo, Carloseautor aIntroduccion a la historia del arte c/ Carlos Alvear Acevedo aMéxicob: Limusac2005 a308 páginasb: ilustraciones 0aARTE xHISTORIA